[Event "Titled Tuesday intern op 04th Feb Late"]
[Site "Chess.com INT"]
[Date "2025.02.04"]
[Round "8"]
[White "Schmidt, Tobias"]
[Black "Dubreuil, Julien"]
[Result "0-1"]
[WhiteElo "2209"]
[BlackElo "2091"]
[PlyCount "48"]
[EventDate "2025.02.04"]
[EventType "swiss (blitz)"]
[EventRounds "11"]
[EventCountry "USA"]
[SourceTitle "CB07_2025"]
[SourceDate "2025.02.12"]
[SourceVersion "1"]
[SourceVersionDate "2025.02.12"]
[SourceQuality "1"]

1. e4 e5 2. d4 exd4 3. Nf3 Nc6 4. Bb5 Nf6 5. 0-0 Be7 6. Nxd4 Nxd4 7. Qxd4 c6 8. Bd3 Qb6 9. Qxb6 axb6 10. Be3 b5 11. f3 d5 12. Nd2 0-0 13. Bd4 dxe4 14. Nxe4 Nxe4 15. Bxe4 f5 16. Bd3 c5 17. Be5 c4 18. Be2 Bc5+ 19. Kh1 f4 20. a4 Re8 21. Rfe1 Bf5 22. Bxf4 Bf2 23. axb5 Bxe1 24. Bxc4+ Kh8 0-1

[Event "Titled Tuesday intern op 04th Feb Late"]
[Site "Chess.com INT"]
[Date "2025.02.04"]
[Round "6"]
[White "Schmidt, Tobias"]
[Black "Melaa, Sondre Lillestol"]
[Result "0-1"]
[WhiteElo "2209"]
[BlackElo "2329"]
[PlyCount "92"]
[EventDate "2025.02.04"]
[EventType "swiss (blitz)"]
[EventRounds "11"]
[EventCountry "USA"]
[SourceTitle "CB07_2025"]
[SourceDate "2025.02.12"]
[SourceVersion "1"]
[SourceVersionDate "2025.02.12"]
[SourceQuality "1"]

1. Nf3 Nf6 2. c4 g6 3. Nc3 c5 4. d4 cxd4 5. Nxd4 Bg7 6. e4 Nc6 7. Be3 Ng4 8. Qxg4 Nxd4 9. Qd1 Ne6 10. Qd2 0-0 11. Bh6 Qa5 12. Bxg7 Kxg7 13. Be2 d6 14. Nd5 Qxd2+ 15. Kxd2 Re8 16. h4 Bd7 17. h5 Bc6 18. h6+ Kg8 19. Rac1 Bxd5 20. cxd5 Nc5 21. Ke3 Rac8 22. b4 Na6 23. a3 Nb8 24. Kd2 Red8 25. f4 Kf8 26. Bg4 Rxc1 27. Rxc1 Na6 28. Be2 Nb8 29. Rc7 Nd7 30. Rxb7 Nf6 31. Bf3 Ra8 32. Ke3 Ng8 33. a4 Nxh6 34. Be2 Ng8 35. Bb5 Nf6 36. Bc6 a6 37. Rb6 Ra7 38. Rb8+ Kg7 39. b5 axb5 40. axb5 Ra3+ 41. Kd4 Ra4+ 42. Ke3 Rxe4+ 43. Kf3 Rb4 44. b6 Rb3+ 45. Kf2 Ne4+ 46. Ke2 Nc5 0-1

[Event "Titled Tuesday intern op 28th May Early"]
[Site "Chess.com INT"]
[Date "2024.05.28"]
[Round "4"]
[White "Schmidt, Tobias"]
[Black "Cogan, Nicolas"]
[Result "0-1"]
[WhiteElo "2195"]
[BlackElo "2110"]
[PlyCount "64"]
[EventDate "2024.05.28"]
[EventType "swiss (blitz)"]
[EventRounds "11"]
[EventCountry "USA"]
[SourceTitle "EXT 2025"]
[Source "ChessBase"]
[SourceDate "2024.10.14"]
[SourceVersion "1"]
[SourceVersionDate "2024.10.14"]
[SourceQuality "1"]

1. g3 Nf6 2. Bg2 d5 3. c4 c6 4. b3 e5 5. Bb2 Bd6 6. cxd5 cxd5 7. Nc3 Be6 8. Nb5 0-0 9. Qc1 Nc6 10. Nxd6 Qxd6 11. a3 Rac8 12. Qb1 d4 13. d3 Bxb3 14. Nf3 Na5 15. 0-0 Bc2 16. Qa2 Nb3 17. Rae1 a5 18. Nh4 a4 19. Bxb7 Rc7 20. Bf3 Nd2 21. Nf5 Qd7 22. g4 Nxf3+ 23. exf3 Bxd3 24. Rxe5 Bxf1 25. Kxf1 Rc2 26. Qb1 d3 27. Re7 Qb5 28. g5 d2+ 29. Kg2 Qxb2 30. Qd1 Qc1 31. Qe2 d1Q 32. gxf6 Qxe2 0-1

[Event "Oberliga Wuerttemberg 2223"]
[Site "Wuerttemberg"]
[Date "2023.05.07"]
[Round "9.2"]
[White "Sarenac, Ivan"]
[Black "Schmidt, Tobias"]
[Result "0-1"]
[WhiteElo "2399"]
[BlackElo "2216"]
[PlyCount "116"]
[EventDate "2022.09.18"]
[EventType "team-tourn"]
[EventRounds "9"]
[EventCountry "GER"]
[SourceTitle "EXT 2025"]
[Source "ChessBase"]
[SourceDate "2024.10.14"]
[SourceVersion "1"]
[SourceVersionDate "2024.10.14"]
[SourceQuality "1"]
[WhiteTeam "Schwaebisch Hall"]
[BlackTeam "Schmiden/Cannstatt"]
[WhiteTeamCountry "GER"]
[BlackTeamCountry "GER"]

1. e4 e6 2. d4 d5 3. Nc3 Be7 4. Bd3 Nc6 5. Nf3 Nb4 6. Be2 Nf6 7. e5 Ne4 8. a3 Nxc3 9. bxc3 Nc6 10. c4 Na5 11. cxd5 exd5 12. 0-0 0-0 13. Ne1 c5 14. c3 Bf5 15. Be3 Rc8 16. g4 Be4 17. f3 Bg6 18. f4 Be4 19. Nd3 Nc4 20. Bc1 cxd4 21. cxd4 Qa5 22. Rb1 Qc3 23. Rxb7 Qxd4+ 24. Nf2 Bc5 25. Rb3 Rb8 26. Qxd4 Bxd4 27. Bd1 Na5 28. Rxb8 Rxb8 29. Re1 Rb1 30. Be3 Bc3 31. Rf1 Nc4 32. Nxe4 dxe4 33. Kf2 a5 34. a4 g5 35. Be2 Rxf1+ 36. Bxf1 Be1+ 37. Ke2 gxf4 38. Bxf4 Bc3 39. e6 fxe6 40. Kf2 Bd4+ 41. Kg3 Nb2 42. Bb5 Bb6 43. h4 Kf7 44. Bd6 Nd3 45. g5 e5 46. Bc4+ Kg6 47. Be7 Kf5 48. h5 Nf4 49. Bg8 Nxh5+ 50. Kh4 Kg6 51. Kg4 Nf4 52. Ba3 e3 53. Bc1 Nd3 54. Bxe3 Bxe3 55. Be6 Nc5 56. Bf5+ Kg7 57. Bc2 Bd2 58. Kf5 e4 0-1

[Event "Oberliga Wuerttemberg 2223"]
[Site "Wuerttemberg"]
[Date "2023.04.23"]
[Round "8.1"]
[White "Braun, Georg"]
[Black "Schmidt, Tobias"]
[Result "1-0"]
[WhiteElo "2393"]
[BlackElo "2221"]
[PlyCount "119"]
[EventDate "2022.09.18"]
[EventType "team-tourn"]
[EventRounds "9"]
[EventCountry "GER"]
[SourceTitle "EXT 2025"]
[Source "ChessBase"]
[SourceDate "2024.10.14"]
[SourceVersion "1"]
[SourceVersionDate "2024.10.14"]
[SourceQuality "1"]
[WhiteTeam "Bebenhausen"]
[BlackTeam "Schmiden/Cannstatt"]
[WhiteTeamCountry "GER"]
[BlackTeamCountry "GER"]

1. c4 e6 2. Nc3 Nf6 3. Nf3 d5 4. e3 dxc4 5. Bxc4 a6 6. d4 b5 7. Be2 Bb7 8. 0-0 Nbd7 9. b3 Bd6 10. Bb2 0-0 11. Rc1 Qe7 12. a4 b4 13. Nb1 e5 14. dxe5 Nxe5 15. Nd4 Rad8 16. Nd2 c5 17. Nf5 Qe6 18. Qc2 Bb8 19. Ng3 Rd7 20. Nc4 Qc6 21. f3 Nxc4 22. Bxc4 Bxg3 23. hxg3 Qd6 24. g4 Qd2 25. e4 Rfd8 26. Qxd2 Rxd2 27. Be5 Rc8 28. Bf4 Rdd8 29. Rfd1 h6 30. Kf2 Rd7 31. Be3 Kf8 32. Bd3 Rdc7 33. Be2 Ke8 34. Bf4 Rc6 35. Bc4 Nd7 36. Bxf7+ Ke7 37. Bd5 Rb6 38. Bc4 a5 39. Bb5 Nf8 40. Be3 Rd6 41. Rxd6 Kxd6 42. Rd1+ Ke7 43. Ke2 Ba8 44. g3 Bb7 45. e5 Rc7 46. f4 Ne6 47. f5 Nd4+ 48. Bxd4 cxd4 49. Rxd4 Bg2 50. Bc4 Bc6 51. Ke3 Be8 52. Kf4 Bc6 53. g5 hxg5+ 54. Kxg5 Be8 55. g4 Rc8 56. Rd5 Bxa4 57. Rxa5 Be8 58. Ra7+ Kf8 59. Rb7 Rd8 60. e6 1-0

[Event "Staufer op 33rd"]
[Site "Schwaebisch Gmuend"]
[Date "2023.01.05"]
[Round "7"]
[White "Schmidt, Tobias"]
[Black "Martin, Stefan"]
[Result "0-1"]
[WhiteElo "2288"]
[BlackElo "2124"]
[PlyCount "184"]
[EventDate "2023.01.02"]
[EventType "swiss"]
[EventRounds "9"]
[EventCountry "GER"]
[SourceTitle "CBM 212 Extra"]
[Source "ChessBase"]
[SourceDate "2023.03.31"]
[SourceVersion "1"]
[SourceVersionDate "2023.03.31"]
[SourceQuality "1"]

1. e4 c5 2. Nf3 Nc6 3. c3 Nf6 4. e5 Nd5 5. d4 cxd4 6. cxd4 d6 7. Bc4 Nb6 8. Bb5 dxe5 9. Nxe5 Bd7 10. Nxd7 Qxd7 11. Nc3 e6 12. 0-0 Rd8 13. Be3 a6 14. Bxc6 Qxc6 15. Qg4 h5 16. Qh3 Nd5 17. Rac1 Nxc3 18. Rxc3 Qd5 19. Bf4 Qxd4 20. Bg5 Be7 21. Bxe7 Kxe7 22. Rc7+ Rd7 23. Qa3+ Kd8 24. Rc5 Rd5 25. Rxd5+ Qxd5 26. Rc1 Kd7 27. Qc3 Ke7 28. Qxg7 Rc8 29. Qh6 Rxc1+ 30. Qxc1 Qxa2 31. Qc7+ Kf6 32. Qd8+ Kf5 33. Qd3+ Ke5 34. Qe3+ Kd5 35. Qd3+ Kc6 36. Qc3+ Kd7 37. h3 Qd5 38. Qf6 Ke8 39. Qh8+ Ke7 40. Qc3 a5 41. Qc7+ Kf6 42. Qf4+ Kg6 43. Qg3+ Qg5 44. Qd3+ Qf5 45. Qg3+ Kf6 46. Qc3+ e5 47. b3 b6 48. Qe3 Qe6 49. Qh6+ Ke7 50. Qe3 f6 51. Qc3 Qd6 52. Qc2 Kd8 53. h4 Qd4 54. g3 e4 55. Kh2 Kd7 56. Qe2 f5 57. Kh3 Qd5 58. Qe3 Kc6 59. Qc3+ Kb5 60. Kh2 Qc5 61. Qd2 Ka6 62. Kg2 Qb5 63. Qa2 Qd5 64. Kg1 Qd1+ 65. Kg2 Qf3+ 66. Kh2 f4 67. Qc2 fxg3+ 68. fxg3 Qd3 69. Qc8+ Kb5 70. Qe8+ Kb4 71. Qa4+ Kc5 72. Qa3+ Kd5 73. Qa4 b5 74. Qxa5 Qxb3 75. Qd8+ Kc5 76. Qe7+ Kd4 77. Qd6+ Qd5 78. Qb4+ Qc4 79. Qb2+ Ke3 80. Qa3+ Qd3 81. Qc5+ Kd2 82. Qg5+ e3 83. Qc5 e2 84. Qg5+ Kc2 85. Qc5+ Kb3 86. Qe5 b4 87. Qe6+ Kb2 88. Qe5+ Kb1 89. Qe7 b3 90. Qe6 Qd1 91. Qe4+ Qc2 92. Qh1+ e1Q+ 0-1

[Event "Oberliga Wuerttemberg 2223"]
[Site "Wuerttemberg"]
[Date "2022.11.27"]
[Round "4.2"]
[White "Schmidt, Tobias"]
[Black "Oberst, Thomas"]
[Result "1-0"]
[WhiteElo "2266"]
[BlackElo "2258"]
[PlyCount "109"]
[EventDate "2022.09.18"]
[EventType "team-tourn"]
[EventRounds "9"]
[EventCountry "GER"]
[SourceTitle "EXT 2025"]
[Source "ChessBase"]
[SourceDate "2024.10.14"]
[SourceVersion "1"]
[SourceVersionDate "2024.10.14"]
[SourceQuality "1"]
[WhiteTeam "Schmiden/Cannstatt"]
[BlackTeam "Biberach"]
[WhiteTeamCountry "GER"]
[BlackTeamCountry "GER"]

1. e4 c5 2. Nf3 Nc6 3. c3 Nf6 4. e5 Nd5 5. d4 cxd4 6. cxd4 d6 7. Bc4 e6 8. 0-0 Be7 9. Qe2 0-0 10. Qe4 Bd7 11. Bb3 Rc8 12. Nc3 Nxc3 13. bxc3 d5 14. Qd3 f5 15. exf6 Bxf6 16. Bc2 g6 17. Bh6 Bg7 18. Qe3 Na5 19. Bxg7 Kxg7 20. Ne5 Nc4 21. Nxc4 Rxc4 22. Bb3 Rc8 23. f4 Qf6 24. Rf3 Rc7 25. Re1 Rfc8 26. Qd2 Kg8 27. Re5 Kg7 28. Rg5 b5 29. Rgg3 a5 30. a3 Kh8 31. Rh3 Be8 32. Rf1 Bd7 33. Bd1 b4 34. axb4 axb4 35. cxb4 Rc4 36. Rb3 Bb5 37. Qb2 Rxd4 38. Be2 Bxe2 39. Qxe2 Rxf4 40. Rbb1 Qd4+ 41. Kh1 Rxf1+ 42. Qxf1 Kg7 43. b5 Rb8 44. Qe1 e5 45. h3 e4 46. Qg3 Rb7 47. Qd6 e3 48. Qe6 Qd3 49. Qe5+ Kf7 50. Rb4 Re7 51. Rf4+ Ke8 52. Qb8+ Kd7 53. Rf6 Qb1+ 54. Kh2 Qb4 55. Rc6 1-0

[Event "Titled Tuesday intern op 08th Nov Early"]
[Site "Chess.com INT"]
[Date "2022.11.08"]
[Round "5"]
[White "Bongo Akanga Ndjila, Barthelemy"]
[Black "Schmidt, Tobias"]
[Result "0-1"]
[WhiteElo "1811"]
[BlackElo "2266"]
[PlyCount "62"]
[EventDate "2022.11.08"]
[EventType "swiss (blitz)"]
[EventRounds "11"]
[EventCountry "USA"]
[SourceTitle "EXT 2024"]
[Source "ChessBase"]
[SourceDate "2023.10.10"]
[SourceVersion "1"]
[SourceVersionDate "2023.10.10"]
[SourceQuality "1"]

1. d4 a5 2. c4 a4 3. a3 Nf6 4. Nc3 d5 5. cxd5 Nxd5 6. e4 Nb6 7. Bb5+ Bd7 8. Be2 g6 9. h3 Bg7 10. Nf3 0-0 11. d5 Na6 12. 0-0 Nc5 13. Qc2 Nb3 14. Rb1 c6 15. Rd1 Qc8 16. Kh2 Rd8 17. Bg5 Kf8 18. Be3 Qc7+ 19. g3 cxd5 20. exd5 Rac8 21. Nd4 Nxd5 22. Nxb3 Bf5 23. Bd3 Nxe3 24. fxe3 axb3 25. Qe2 Bxc3 26. bxc3 Qxc3 27. Bxf5 gxf5 28. Qh5 Rd2+ 29. Rxd2 Qxd2+ 30. Kh1 Rc2 31. Qh6+ Ke8 0-1

[Event "Oberliga Wuerttemberg 2223"]
[Site "Wuerttemberg"]
[Date "2022.10.09"]
[Round "2.2"]
[White "Mueller, Ralf1"]
[Black "Schmidt, Tobias"]
[Result "1-0"]
[WhiteElo "2352"]
[BlackElo "2262"]
[PlyCount "67"]
[EventDate "2022.09.18"]
[EventType "team-tourn"]
[EventRounds "9"]
[EventCountry "GER"]
[SourceTitle "EXT 2025"]
[Source "ChessBase"]
[SourceDate "2024.10.14"]
[SourceVersion "1"]
[SourceVersionDate "2024.10.14"]
[SourceQuality "1"]
[WhiteTeam "Boeblingen"]
[BlackTeam "Schmiden/Cannstatt"]
[WhiteTeamCountry "GER"]
[BlackTeamCountry "GER"]

1. d4 e6 2. c4 Nf6 3. Nf3 d5 4. g3 dxc4 5. Bg2 Bb4+ 6. Nbd2 b5 7. 0-0 0-0 8. b3 Bb7 9. bxc4 Bxd2 10. Bxd2 bxc4 11. Qc2 Bd5 12. Rfe1 Ne4 13. Bb4 c5 14. Bxc5 Nxc5 15. dxc5 Nd7 16. c6 Bxc6 17. Rad1 Rc8 18. Ne5 Bb5 19. a4 Qa5 20. axb5 Nxe5 21. Ra1 Qxb5 22. Qc3 Ng4 23. h3 Nf6 24. Rxa7 Rfd8 25. Ra5 Qb6 26. Rea1 h6 27. e4 Rd3 28. Qc2 Qd4 29. Ra8 Rxa8 30. Rxa8+ Kh7 31. e5 Ne4 32. Ra4 Nxf2 33. Rxc4 Ng4+ 34. Rxd4 1-0

[Event "Titled Tuesday intern op 16th Nov"]
[Site "Chess.com INT"]
[Date "2021.11.16"]
[Round "5"]
[White "Schmidt, Tobias"]
[Black "Tanenbaum, Zachary Chen"]
[Result "0-1"]
[WhiteElo "2272"]
[BlackElo "2135"]
[PlyCount "78"]
[EventDate "2021.11.16"]
[EventType "swiss (blitz)"]
[EventRounds "11"]
[EventCountry "USA"]
[SourceTitle "CBM 205 Extra"]
[Source "ChessBase"]
[SourceDate "2022.01.31"]
[SourceVersion "1"]
[SourceVersionDate "2022.01.31"]
[SourceQuality "1"]

1. e4 e5 2. Nf3 Nc6 3. Bc4 Nf6 4. Ng5 d5 5. exd5 Na5 6. Bb5+ c6 7. dxc6 bxc6 8. Bd3 Nd5 9. Nf3 Bd6 10. 0-0 0-0 11. Re1 f5 12. Nxe5 Qf6 13. Nf3 g5 14. c4 Nf4 15. Bf1 g4 16. d4 gxf3 17. Qxf3 Ne6 18. Qc3 Nb7 19. c5 Bc7 20. Bc4 Kh8 21. Nd2 Nxd4 22. Nf3 Ba5 23. Qxd4 Qxd4 24. Nxd4 Bxe1 25. Bf4 Re8 26. Nxc6 Be6 27. Bb5 Bd7 28. Be5+ Kg8 29. Bc4+ Be6 30. Ba6 Nxc5 31. Be2 Bd5 32. Bh5 Bxc6 33. Bxe8 Rxe8 34. Rxe1 Nd3 35. Rd1 Rxe5 36. f4 Re1+ 37. Rxe1 Nxe1 38. Kf2 Nxg2 39. b4 Nxf4 0-1

[Event "Titled Tuesday intern op 26th Oct"]
[Site "Chess.com INT"]
[Date "2021.10.26"]
[Round "7"]
[White "Derjabin, Ilja"]
[Black "Schmidt, Tobias"]
[Result "0-1"]
[WhiteElo "2353"]
[BlackElo "2272"]
[PlyCount "156"]
[EventDate "2021.10.26"]
[EventType "swiss (blitz)"]
[EventRounds "11"]
[EventCountry "USA"]
[SourceTitle "CBM 204 Extra"]
[Source "ChessBase"]
[SourceDate "2021.11.30"]
[SourceVersion "1"]
[SourceVersionDate "2021.11.30"]
[SourceQuality "1"]

1. d4 e6 2. c4 d5 3. Nc3 Nf6 4. cxd5 exd5 5. Bg5 c6 6. e3 Bf5 7. Qf3 Bg6 8. Bxf6 Qxf6 9. Qxf6 gxf6 10. h4 h5 11. Nh3 Bd6 12. g3 a5 13. Nf4 a4 14. a3 Nd7 15. Bh3 Nb6 16. 0-0-0 Ke7 17. Rhe1 Rhe8 18. Nxg6+ fxg6 19. e4 Kf7 20. f4 dxe4 21. Nxe4 Bf8 22. Bf1 Re6 23. Nc5 Rxe1 24. Rxe1 Bxc5 25. dxc5 Nd7 26. Bc4+ Kf8 27. Re6 Re8 28. Rd6 Ke7 29. Re6+ Kd8 30. Rd6 Kc7 31. Bf7 Re1+ 32. Kd2 Rg1 33. Bxg6 Rg2+ 34. Ke1 Rxg3 35. Bxh5 Nxc5 36. Rxf6 Rh3 37. Rf7+ Kb6 38. Be2 Ne4 39. Bf1 Rh1 40. Rg7 Rxh4 41. f5 Rh2 42. Bd3 Nc5 43. Be2 Ne4 44. Bd3 Rh1+ 45. Ke2 Nc5 46. Bc4 Rh2+ 47. Ke3 Rh3+ 48. Ke2 Rh2+ 49. Kf3 Rxb2 50. f6 Rc2 51. f7 Rc3+ 52. Ke2 Nd7 53. Be6 Nf8 54. Bf5 Rc5 55. Rg5 Re5+ 56. Kf3 Re7 57. Rg7 Kc5 58. Kf4 Kd6 59. Kg5 Ke5 60. Bc2 b5 61. Bb1 c5 62. Bd3 b4 63. Bg6 bxa3 64. Rg8 Nxg6 65. Kxg6 Rxf7 66. Kxf7 a2 67. Rg1 Kd4 68. Ra1 Kc3 69. Rxa2 Kb3 70. Rg2 c4 71. Ke6 c3 72. Kd5 c2 73. Kd4 c1Q 74. Rg3+ Kb2 75. Rg2+ Kb1 76. Re2 a3 77. Kd3 a2 78. Rd2 Qxd2+ 0-1

[Event "Titled Tuesday intern op 26th Oct"]
[Site "Chess.com INT"]
[Date "2021.10.26"]
[Round "5"]
[White "Schmidt, Tobias"]
[Black "Budrewicz, Krzysztof"]
[Result "0-1"]
[WhiteElo "2272"]
[BlackElo "2183"]
[PlyCount "78"]
[EventDate "2021.10.26"]
[EventType "swiss (blitz)"]
[EventRounds "11"]
[EventCountry "USA"]
[SourceTitle "CBM 204 Extra"]
[Source "ChessBase"]
[SourceDate "2021.11.30"]
[SourceVersion "1"]
[SourceVersionDate "2021.11.30"]
[SourceQuality "1"]

1. e4 g6 2. h4 d5 3. exd5 Nf6 4. h5 gxh5 5. Rxh5 Bg4 6. Be2 Bxh5 7. Bxh5 Nxh5 8. Qxh5 Nd7 9. Nc3 Nf6 10. Qf3 Bg7 11. Nge2 Qd7 12. Ng3 0-0-0 13. Nf5 Rhg8 14. d4 Kb8 15. Be3 Bf8 16. 0-0-0 Nxd5 17. Rh1 e6 18. Ng3 Nxc3 19. bxc3 f5 20. Nh5 Be7 21. Nf4 Bg5 22. Rh5 Bxf4 23. Bxf4 Rg7 24. Be5 Rf7 25. Qg3 a5 26. Kd2 a4 27. a3 Qd5 28. Rg5 b6 29. Rg8 Kb7 30. Qg5 Rxg8 31. Qxg8 Rd7 32. Qe8 Rd8 33. Qe7 Qd7 34. Qh4 Rg8 35. g3 Rg4 36. Qh1+ Ka7 37. Qh6 Re4 38. Qf8 Rxe5 39. f3 Rd5 0-1

[Event "Titled Tuesday intern op 26th Oct"]
[Site "Chess.com INT"]
[Date "2021.10.26"]
[Round "3"]
[White "Schmidt, Tobias"]
[Black "Potapova, Margarita"]
[Result "0-1"]
[WhiteElo "2272"]
[BlackElo "2257"]
[PlyCount "58"]
[EventDate "2021.10.26"]
[EventType "swiss (blitz)"]
[EventRounds "11"]
[EventCountry "USA"]
[SourceTitle "CBM 204 Extra"]
[Source "ChessBase"]
[SourceDate "2021.11.30"]
[SourceVersion "1"]
[SourceVersionDate "2021.11.30"]
[SourceQuality "1"]

1. e4 c5 2. c3 Nf6 3. e5 Nd5 4. Nf3 d6 5. d4 cxd4 6. Qxd4 e6 7. Nbd2 Nc6 8. Bb5 Bd7 9. Bxc6 Bxc6 10. Nc4 dxe5 11. Ncxe5 Be7 12. Nxc6 bxc6 13. Qxg7 Bf6 14. Qg3 h5 15. 0-0 h4 16. Qg4 Qc7 17. Bg5 0-0-0 18. Bxf6 Nxf6 19. Qa4 Rdg8 20. h3 Nd5 21. Kh1 Rg7 22. Nd4 Rhg8 23. Rg1 Kb7 24. Qb3+ Kc8 25. Qc4 Kb7 26. a4 Nf4 27. Ra3 Nxh3 28. Rb3+ Ka8 29. Nxc6 Nxf2# 0-1

[Event "Titled Tuesday intern op 26th Oct"]
[Site "Chess.com INT"]
[Date "2021.10.26"]
[Round "2"]
[White "Zaichenko, Daria"]
[Black "Schmidt, Tobias"]
[Result "0-1"]
[WhiteElo "2104"]
[BlackElo "2272"]
[PlyCount "70"]
[EventDate "2021.10.26"]
[EventType "swiss (blitz)"]
[EventRounds "11"]
[EventCountry "USA"]
[SourceTitle "CBM 204 Extra"]
[Source "ChessBase"]
[SourceDate "2021.11.30"]
[SourceVersion "1"]
[SourceVersionDate "2021.11.30"]
[SourceQuality "1"]

1. e4 e6 2. d4 d5 3. e5 c5 4. c3 Qb6 5. Nf3 Nc6 6. a3 Nh6 7. b4 cxd4 8. cxd4 Nf5 9. Bb2 Bd7 10. g4 Nfe7 11. Bd3 Ng6 12. Qd2 Rc8 13. Nc3 Nxd4 14. Nxd4 Qxd4 15. Bxg6 Qxd2+ 16. Kxd2 hxg6 17. f4 Rh3 18. Rac1 a5 19. b5 Bc5 20. Rce1 Bd4 21. Nd1 Bxb2 22. Nxb2 Rxa3 23. b6 Rb3 24. Nd3 Rxb6 25. Ra1 a4 26. Rhb1 Rxb1 27. Rxb1 b5 28. Nb4 Ke7 29. f5 Rc4 30. fxe6 fxe6 31. h3 g5 32. Kd3 Be8 33. Rb2 a3 34. Rb3 Bg6+ 35. Kd2 Rxb4 0-1

[Event "Titled Tuesday intern op 12th Oct"]
[Site "Chess.com INT"]
[Date "2021.10.12"]
[Round "3"]
[White "Schmidt, Tobias"]
[Black "Thomas, Anysia"]
[Result "1-0"]
[WhiteElo "2272"]
[BlackElo "2137"]
[PlyCount "49"]
[EventDate "2021.10.12"]
[EventType "swiss (blitz)"]
[EventRounds "11"]
[EventCountry "USA"]
[SourceTitle "EXT 2023"]
[Source "ChessBase"]
[SourceDate "2022.10.05"]
[SourceVersion "1"]
[SourceVersionDate "2022.10.05"]
[SourceQuality "1"]

1. e4 c5 2. c3 d5 3. exd5 Qxd5 4. d4 g6 5. Nf3 Bg7 6. Na3 cxd4 7. Bc4 Qe4+ 8. Be3 Nh6 9. cxd4 0-0 10. 0-0 Bg4 11. Re1 Nf5 12. Bg5 Bxf3 13. Rxe4 Bxd1 14. Rxd1 Nc6 15. d5 Ne5 16. Bb3 h6 17. Bxe7 Nxe7 18. f4 N5c6 19. dxc6 Nxc6 20. Rd7 Bxb2 21. Nc4 Bf6 22. Nd6 Nd8 23. g4 Kg7 24. Kg2 Rc8 25. Nxc8 1-0

[Event "Oberliga Wuerttemberg 1920"]
[Site "Wuerttemberg"]
[Date "2019.12.01"]
[Round "4.2"]
[White "Koellner, Ruben Gideon"]
[Black "Schmidt, Tobias"]
[Result "1-0"]
[WhiteElo "2243"]
[BlackElo "2250"]
[PlyCount "83"]
[EventDate "2019.09.15"]
[EventType "team-tourn"]
[EventRounds "9"]
[EventCountry "GER"]
[SourceTitle "EXT 2021"]
[Source "ChessBase"]
[SourceDate "2020.10.23"]
[SourceVersion "1"]
[SourceVersionDate "2020.10.23"]
[SourceQuality "1"]
[WhiteTeam "Deizisau"]
[BlackTeam "Heilbronn"]
[WhiteTeamCountry "GER"]
[BlackTeamCountry "GER"]

1. d4 e6 2. Nf3 Nf6 3. Nbd2 d5 4. e3 c5 5. b3 Nc6 6. Bb2 Bd6 7. a3 0-0 8. Bd3 b6 9. Ne5 Bb7 10. Qf3 cxd4 11. exd4 Qc7 12. Qe2 Rac8 13. f4 Ne7 14. Rc1 Rfe8 15. 0-0 Ng6 16. g3 Qe7 17. Ra1 Nf8 18. g4 N6d7 19. g5 f6 20. gxf6 gxf6 21. Ng4 Kh8 22. Rf2 Ng6 23. Bxg6 hxg6 24. Qd3 Kg7 25. Rg2 Qf7 26. Rf1 Rh8 27. Ne5 Bxe5 28. fxe5 f5 29. a4 Rh5 30. Nf3 Rch8 31. Bc1 Qe8 32. Kf2 Bc6 33. Bg5 Qf7 34. h4 Kf8 35. Qc3 Nb8 36. Qb4+ Ke8 37. Qd6 Qb7 38. Qxe6+ Kf8 39. Qd6+ Kf7 40. Qf6+ Ke8 41. Qd8+ Kf7 42. e6+ 1-0

[Event "Oberliga Wuerttemberg 1819"]
[Site "Wuerttemberg"]
[Date "2019.04.07"]
[Round "9.2"]
[White "Schmidt, Tobias"]
[Black "Kuklin, Valentin"]
[Result "0-1"]
[WhiteElo "2257"]
[BlackElo "2376"]
[PlyCount "106"]
[EventDate "2018.09.23"]
[EventType "team-tourn"]
[EventRounds "9"]
[EventCountry "GER"]
[SourceTitle "EXT 2020"]
[Source "ChessBase"]
[SourceDate "2019.10.17"]
[SourceVersion "1"]
[SourceVersionDate "2019.10.17"]
[SourceQuality "1"]
[WhiteTeam "Heilbronn"]
[BlackTeam "Boeblingen"]
[WhiteTeamCountry "GER"]
[BlackTeamCountry "GER"]

1. e4 e6 2. d4 d5 3. Nd2 Be7 4. e5 c5 5. c3 Nc6 6. Bd3 cxd4 7. cxd4 Nh6 8. Ne2 Nf5 9. Nf3 Qb6 10. 0-0 Bd7 11. Bxf5 exf5 12. Nc3 Be6 13. Na4 Qb5 14. Bg5 Bf8 15. Rc1 h6 16. Be3 g5 17. Nc5 Bxc5 18. Rxc5 Qxb2 19. Qa4 Qb6 20. Rfc1 Rc8 21. Qa3 Qd8 22. Qb2 Qd7 23. Bd2 f4 24. Bb4 0-0 25. Ba3 Rfe8 26. h4 Bg4 27. Ne1 b6 28. R5c3 Na5 29. Rxc8 Rxc8 30. Rxc8+ Qxc8 31. Qc2 Qxc2 32. Nxc2 Kg7 33. hxg5 hxg5 34. f3 Be6 35. Kf2 Nc6 36. g4 fxg3+ 37. Kxg3 f6 38. exf6+ Kxf6 39. Bb2 a5 40. Bc3 Bf5 41. Ne3 Ke6 42. a3 b5 43. f4 b4 44. axb4 axb4 45. Bb2 g4 46. Kh4 Na5 47. Kg5 g3 48. Kh4 Nc4 49. Bc1 Nxe3 50. Kxg3 Nc4 51. Kf3 b3 52. Ke2 b2 53. Bxb2 Nxb2 0-1

[Event "Oberliga Wuerttemberg 1819"]
[Site "Wuerttemberg"]
[Date "2019.03.24"]
[Round "8"]
[White "Dabo Peranic, Robert"]
[Black "Schmidt, Tobias"]
[Result "0-1"]
[WhiteElo "2328"]
[BlackElo "2257"]
[PlyCount "82"]
[EventDate "2018.09.23"]
[EventType "team-tourn"]
[EventRounds "9"]
[EventCountry "GER"]
[SourceTitle "EXT 2020"]
[Source "ChessBase"]
[SourceDate "2019.10.17"]
[SourceVersion "1"]
[SourceVersionDate "2019.10.17"]
[SourceQuality "1"]
[WhiteTeam "Deizisau II"]
[BlackTeam "Heilbronn"]
[WhiteTeamCountry "GER"]
[BlackTeamCountry "GER"]

1. e4 e6 2. d4 d5 3. e5 c5 4. c3 Qb6 5. a3 Nc6 6. Nf3 Nh6 7. b4 cxd4 8. b5 Na5 9. Bxh6 gxh6 10. cxd4 Bd7 11. Nbd2 Rc8 12. a4 Rc3 13. Be2 Bg7 14. 0-0 0-0 15. Re1 f6 16. Nb1 Rc7 17. exf6 Bxf6 18. Bf1 Nc4 19. Ra2 Be8 20. Bxc4 Rxc4 21. Na3 Rc7 22. Ne5 Bxe5 23. dxe5 Bg6 24. Qd2 Rcf7 25. a5 Qc5 26. Qe3 Qxe3 27. Rxe3 Rc8 28. f3 d4 29. Re1 Rc5 30. Rd2 Rd7 31. f4 d3 32. g4 Rd4 33. Rf1 Ra4 34. Nb1 Rc2 35. Rxc2 dxc2 36. Nc3 Rxf4 37. Ra1 Rxg4+ 38. Kf2 Rb4 39. Rg1 Rb1 40. Ne2 Rxb5 41. Nd4 Rd5 0-1